000 00271nam a22001217a 4500
008 180926b xxu||||| |||| 00| 0 eng d
041 _aeng
080 _a619
100 _a5
101 _aANE
245 _aAnesthesia And Analgesia
_cDunke P.K
942 _2udc
_cBK
999 _c48491
_d48491